[Event "Aarhus-A"]
[Site "Aarhus"]
[Date "1984.??.??"]
[Round "3"]
[White "Nielsen, Niels Peter"]
[Black "Ejsing, Esben"]
[Result "1-0"]
[WhiteElo "2200"]
[BlackElo "2355"]

1.d4 Nf6 2.Bg5 g6 3.Bxf6 exf6 4.e3 Bg7 5.c4 O-O 6.Nc3 f5 7.g3 Re8 8.Nge2 Nc6
9.Bg2 a6 10.Rb1 d6 11.O-O Bd7 12.b4 h5 13.h4 g5 14.hxg5 Qxg5 15.Nf4 h4 16.gxh4 Qxh4
17.Ncd5 Rac8 18.Qh5 Qg4 19.Kh2 Be6 20.Bh3 Qxh5 21.Nxh5 Kf8 22.Rg1 Bh8 23.Nhf6 Bxf6
24.Nxf6 Red8 25.d5 Ke7 26.Nh7 Ne5 27.dxe6 Nf3+ 28.Kh1 Nxg1 29.Rxg1 Rg8 30.exf7 Rxg1+
31.Kxg1 Kxf7 32.Bxf5 Rb8 33.Bd3 c5 34.Ng5+ Ke7 35.bxc5 dxc5 36.Ne4 Rd8 37.Bc2 b5
38.Nxc5 Rd2 39.Bb3 bxc4 40.Ne4 cxb3 41.Nxd2 bxa2 42.Nb3 Kd6 43.f4 Kd5 44.f5 a5
45.e4+ Kc4 46.Na1 Kc3 47.f6 Kb2 48.f7 Kxa1 49.f8=Q Kb1 50.Qf1+ Kb2 51.Qb5+  1-0

[Event "Aarhus-A"]
[Site "Aarhus"]
[Date "1984.??.??"]
[Round "5"]
[White "Nielsen, Niels Peter"]
[Black "Knudsen, Per"]
[Result "1/2-1/2"]
[WhiteElo "2200"]
[BlackElo "2295"]

1.d4 Nf6 2.Bg5 d5 3.Bxf6 exf6 4.e3 Be6 5.Bd3 f5 6.Nh3 Bd6 7.Nd2 Nd7 8.c3 c6
9.Nf4 Nf6 10.Nh5 g6 11.Nxf6+ Qxf6 12.Qf3 Qe7 13.g3 h5 14.h4 O-O 15.Qg2 Rfe8
16.Nf3 a5 17.O-O Kg7 18.Rac1 a4 19.c4 dxc4 20.Bxc4 Rec8 21.Ng5 Bxc4 22.Rxc4 Ra5
23.Rfc1 Rca8 24.Qf3 Rb5 25.R1c2 a3 26.b3 Rxb3 27.axb3 a2 28.Rxa2 Rxa2 29.d5 cxd5
30.Rd4 Be5 31.Rxd5 Bf6 32.Nh3 Qb4 33.Kg2  1/2-1/2

[Event "Aarhus-A"]
[Site "Aarhus"]
[Date "1984.??.??"]
[Round "7"]
[White "Nielsen, Niels Peter"]
[Black "Hvenekilde, Jorgen"]
[Result "1/2-1/2"]
[WhiteElo "2200"]
[BlackElo "2290"]

1.d4 Nf6 2.Bg5 d5 3.Bxf6 exf6 4.e3 c6 5.Bd3 b6 6.Nd2 Ba6 7.Qe2 Bxd3 8.Qxd3 Bd6
9.Ne2 O-O 10.c3 Re8 11.g4 Qc8 12.Rg1 a5 13.h4 b5 14.Qf5 Qe6 15.O-O-O Nd7
16.Ng3 Nb6 17.g5 Bxg3 18.Qxe6 fxe6  1/2-1/2

[Event "URS-ch sf"]
[Site "Barnaul"]
[Date "1984.??.??"]
[Round "?"]
[White "Kharitonov, Andrei Y"]
[Black "Meister, Yakov"]
[Result "1/2-1/2"]
[WhiteElo "2455"]
[BlackElo "2200"]

1.d4 Nf6 2.Bg5 d5 3.Nd2 e6 4.Ngf3 Be7 5.e3 b6 6.c3 Bb7 7.Bd3 Ne4 8.Bxe7 Qxe7
9.Qa4+ Bc6 10.Qc2 Nxd2 11.Qxd2 Nd7 12.Qe2 O-O 13.O-O Rfe8 14.Rfd1 Bb7 15.c4 dxc4
16.Bxc4 c5 17.Ba6 Bxa6 18.Qxa6 cxd4 19.Nxd4 Nc5 20.Qb5 Rac8 21.Rac1 g6 22.b4 Ne4
23.Qd3 Qb7 24.f3 Nf6 25.b5 Rxc1 26.Rxc1 Qd5 27.Qb3 Qg5 28.Nc6 Nd5 29.Re1 Rc8
30.Qb2 Rc7 31.f4 Qf6 32.Qxf6 Nxf6 33.Rd1 Nd5 34.Rd3 Ne7 35.Nxe7+  1/2-1/2

[Event "Bor"]
[Site "Bor"]
[Date "1984.??.??"]
[Round "?"]
[White "Sahovic, Dragutin"]
[Black "Rogers, Ian"]
[Result "1/2-1/2"]
[WhiteElo "2430"]
[BlackElo "2475"]

1.d4 Nf6 2.Bg5 d5 3.Nf3 e6 4.c4 Be7 5.Nc3 O-O 6.e3 Ne4 7.Bxe7 Qxe7 8.Qc2 Nxc3
9.Qxc3 dxc4 10.Bxc4 b6 11.O-O Bb7 12.Be2 Rc8 13.b4 a5 14.a3 Nd7 15.Rfc1 h6
16.Qb2 Ra7 17.h3 Qd6 18.Nd2 axb4 19.axb4 Rxa1 20.Rxa1 Ra8 21.Rc1 e5  1/2-1/2

[Event "Casilda"]
[Site "Casilda"]
[Date "1984.??.??"]
[Round "11"]
[White "Rossetto, Hector"]
[Black "Dienavorian, Manuel"]
[Result "1-0"]
[WhiteElo "2360"]
[BlackElo "2285"]

1.d4 Nf6 2.Bg5 d5 3.Nf3 c6 4.e3 h6 5.Bxf6 exf6 6.Bd3 Bd6 7.Nbd2 O-O 8.c4 dxc4
9.Nxc4 Bb4+ 10.Kf1 Be7 11.h3 Nd7 12.Qd2 Nb6 13.Na5 Bd6 14.b4 Qe7 15.a3 Be6
16.Qc2 Rfe8 17.e4 Rad8 18.Nb3 Bc8 19.g3 Nd7 20.Kg2 Nf8 21.Rad1 Bc7 22.Rhe1 Bb6
23.Bf1 Ne6 24.Kg1 Ng5 25.Nxg5 hxg5 26.Re3 f5 27.exf5 Qf6 28.g4 Qd6 29.Bg2 Bc7
30.Rde1 Rf8 31.Rg3 a5 32.bxa5 Qxa3 33.Rd3 Qb4 34.Ra1 Qd6 35.Nd2 Rfe8 36.Nf3 Qf4
37.Qd2 Re4 38.Qxf4 Bxf4 39.Rc3 Re7 40.Bf1 g6 41.fxg6 fxg6 42.a6 bxa6 43.Bxa6 Be6
44.Bc4 Kf7 45.Ra6 Rd6  1-0

[Event "CUB-ch"]
[Site "CUB"]
[Date "1984.??.??"]
[Round "11"]
[White "Estevez, Guillermo"]
[Black "Sieiro Gonzalez, Luis"]
[Result "1-0"]
[WhiteElo "2430"]
[BlackElo "2355"]

1.d4 d5 2.Bg5 Nf6 3.Nd2 e6 4.e3 c5 5.c3 Be7 6.Bd3 Nbd7 7.Ngf3 b6 8.O-O Bb7
9.Ne5 Nxe5 10.dxe5 Nd7 11.Bxe7 Qxe7 12.f4 O-O 13.Qh5 g6 14.Qh6 Rfd8 15.Rf3 Nf8
16.Rh3 f6 17.exf6 Qxf6 18.Rf1 Qg7 19.Qh4 d4 20.cxd4 cxd4 21.e4 Rd7 22.Rg3 Qe7
23.Qh3 Rc8 24.f5 exf5 25.exf5 Rd6 26.fxg6 Nxg6 27.Bc4+ Rxc4 28.Nxc4 Re6 29.Qh6 Ba6
30.b3 Bxc4 31.bxc4 Re3 32.Rxg6+ hxg6 33.Qxg6+ Qg7 34.Qd6 Re7 35.Qd5+ Kh8
36.Rf5 Re1+ 37.Kf2 Qe7 38.Qxd4+  1-0

[Event "SWE-ch"]
[Site "Linkoping"]
[Date "1984.??.??"]
[Round "?"]
[White "Johansson, Jan"]
[Black "Ernst, Thomas"]
[Result "0-1"]
[WhiteElo "2200"]
[BlackElo "2415"]

1.d4 Nf6 2.Bg5 c5 3.e3 Ne4 4.Bh4 Qb6 5.Nc3 Nxc3 6.bxc3 e6 7.Bd3 d5 8.Nf3 c4
9.Be2 Qb2 10.O-O Qxc3 11.Ng5 Be7 12.Bh5 g6 13.Qf3 Rf8 14.Nxh7 Bxh4 15.Bxg6 Qa3
16.Nxf8 Qxf8 17.Bh5 Nd7 18.Qh3 Qe7 19.e4 dxe4 20.Rae1 Bg5 21.f4 Bh6 22.Bxf7+ Qxf7
23.Qxh6 Nf6 24.Qh8+ Qf8 25.Qh4 Bd7 26.g4 O-O-O 27.g5 Nd5 28.Rxe4 Qf5 29.Re5 Qxc2
30.f5 Bc6 31.f6 Nxf6 32.Rf2 Qb1+ 33.Rf1 Qxa2 34.Qh3 Nd5 35.Rxe6 Bd7 36.g6 Nc7
37.d5 c3 38.Qxc3 Qxd5 39.Ref6 Bc6 40.Qh3+ Kb8 41.Qg3 Qc5+ 42.Qf2 Qg5+ 43.Qg3 Qxg3+
44.hxg3 Rd3 45.Kh2 Rd2+ 46.R1f2 Rxf2+ 47.Rxf2 Ne8 48.Rf7 a5 49.g7 Nxg7 50.Rxg7 a4
51.Re7 a3 52.g4 a2 53.Re1 b5 54.g5 Be4 55.Ra1 Bd5 56.g6 b4 57.g7 b3 58.Rd1 Bc4
59.Rc1 Bg8 60.Rf1 Kb7  0-1

[Event "SWE-ch"]
[Site "Linkoping"]
[Date "1984.??.??"]
[Round "?"]
[White "Johansson, Jan"]
[Black "Hammar, Bengt"]
[Result "1-0"]
[WhiteElo "2200"]
[BlackElo "2375"]

1.d4 Nf6 2.Bg5 g6 3.Nc3 Bg7 4.e4 d6 5.f4 O-O 6.Nf3 c5 7.dxc5 Qa5 8.Bd3 Qxc5
9.Qd2 Bg4 10.O-O-O Nc6 11.Bxf6 exf6 12.f5 Nb4 13.Kb1 d5 14.h3 Bxf3 15.gxf3 d4
16.Ne2 Rfd8 17.h4 Rac8 18.fxg6 fxg6 19.h5 Qa5 20.a3 Nc6 21.hxg6 hxg6 22.Bc4+ Kf8
23.Qxa5 Nxa5 24.Bd5 Rd6 25.Nf4 f5 26.Ne6+ Kf7 27.Rh7 Rxe6 28.Bxe6+ Kxe6 29.Rxg7 Kf6
30.Rh7 fxe4 31.fxe4 Rd8 32.Rf1+ Ke6 33.Rg7 Ke5 34.Rxg6 Kxe4 35.Rg7 d3 36.Re7+ Kd4
37.Rd1 Kc5 38.Rxd3 Rh8 39.b4+ Kc6 40.bxa5 Rh5  1-0

[Event "New York op"]
[Site "New York"]
[Date "1984.??.??"]
[Round "1"]
[White "Frenkel, Oleg"]
[Black "Shamkovich, Leonid"]
[Result "0-1"]
[WhiteElo "2200"]
[BlackElo "2450"]

1.d4 Nf6 2.Bg5 d5 3.Bxf6 gxf6 4.e3 c5 5.dxc5 e6 6.c4 dxc4 7.Qa4+ Nc6 8.Qxc4 Qa5+
9.Nc3 Qxc5 10.Nf3 Qxc4 11.Bxc4 f5 12.Nd4 Nxd4 13.exd4 a6 14.Rd1 Bd6 15.d5 e5
16.a4 Bd7 17.f4 e4 18.g3 Rc8 19.Be2 h5 20.O-O h4 21.g4 Ke7 22.gxf5 Bxf5 23.Kh1 Rhg8
24.Rg1 Kf6 25.Rxg8 Rxg8 26.Rf1 h3 27.Nd1 Rg2 28.Rf2 Rg8 29.Rf1 Bc5 30.Nc3 Rg2
31.Re1 Be3 32.d6 Bxf4 33.Nd5+ Kg5 34.Nxf4 Kxf4 35.Bc4 Rd2 36.Rf1+ Ke5 37.Bxf7 e3
38.Re1 Be4+ 39.Kg1 Rg2+ 40.Kf1 Bd3+  0-1

[Event "URS-FL"]
[Site "Sverdlovsk"]
[Date "1984.??.??"]
[Round "?"]
[White "Kharitonov, Andrei Y"]
[Black "Rozentalis, Eduardas"]
[Result "1-0"]
[WhiteElo "2470"]
[BlackElo "2490"]

1.d4 Nf6 2.Bg5 c5 3.Bxf6 gxf6 4.d5 Qb6 5.Qc1 e6 6.c4 f5 7.Nc3 Bg7 8.e3 d6
9.Nge2 Nd7 10.Nf4 Nf6 11.Be2 Bd7 12.O-O O-O-O 13.dxe6 fxe6 14.Rd1 Rhe8 15.Rb1 Bc6
16.a3 Ne4 17.Nxe4 Bxe4 18.Bd3 Bc6 19.b4 Be5 20.Bf1 Be4 21.Bd3 Bc6 22.b5 Bd7
23.Qd2 Re7 24.a4 Rg8 25.a5 Qd8 26.Be2 Reg7 27.Bf3 h5 28.Rb3 h4 29.Rd3 Qe7
30.Kh1 Be8 31.Qe2 Rg5 32.R1d2 R5g7 33.Qd1 Bf7 34.h3 Be8 35.Rb3 Bd7 36.Rbd3 Qg5
37.Rxd6 Bxd6 38.Rxd6 Rd8 39.b6 a6 40.Qa1 Qe7 41.Qe5  1-0

[Event "URS-FL"]
[Site "Sverdlovsk"]
[Date "1984.??.??"]
[Round "?"]
[White "Gurevich, Mikhail"]
[Black "Rashkovsky, Nukhim N"]
[Result "1-0"]
[WhiteElo "2420"]
[BlackElo "2400"]

1.d4 Nf6 2.Bg5 g6 3.Bxf6 exf6 4.e3 f5 5.Bd3 d5 6.c4 dxc4 7.Bxc4 Bg7 8.Nc3 O-O
9.Nf3 a6 10.O-O b5 11.Bd5 c6 12.Bb3 Nd7 13.Rc1 c5 14.Bd5 Rb8 15.dxc5 Nxc5
16.Nd4 Rb6 17.Nc6 Qf6 18.b4 Na4 19.Nxa4 bxa4 20.Qxa4 Bd7 21.Rc4 Rc8 22.Rfc1 Bf8
23.a3 h5 24.h4 Kg7 25.Qc2 Bxc6 26.Bxc6 a5 27.bxa5 Ra6 28.Qa4 Qe5 29.Bb5 Rxc4
30.Rxc4 Qa1+ 31.Kh2 Bd6+ 32.g3 Ra7 33.Rc6 Be5 34.a6 Rd7 35.Rxg6+ fxg6 36.Bxd7 Qf1
37.Qc2 Qxa6 38.a4 Qd6 39.Bc6 Bf6 40.Kg2 Bd8 41.Qb2+ Qf6 42.Qb5 Qc3 43.Bd5 Qa5  1-0

[Event "OHRA-B"]
[Site "Amsterdam"]
[Date "1985.??.??"]
[Round "1"]
[White "Ermenkov, Evgenij"]
[Black "Langeweg, Kick"]
[Result "0-1"]
[WhiteElo "2520"]
[BlackElo "2405"]

1.d4 Nf6 2.Bg5 g6 3.Nd2 d5 4.Bxf6 exf6 5.e3 Nd7 6.Qf3 c6 7.g4 h5 8.h3 hxg4
9.hxg4 Rxh1 10.Qxh1 Nb6 11.Bh3 Bd7 12.Ne2 Qc7 13.O-O-O O-O-O 14.Qf3 Be7 15.Nf4 Rh8
16.Kb1 Kb8 17.Rg1 Nc8 18.e4 dxe4 19.Nxe4 Nd6 20.Nc5 Bc8 21.Re1 Nc4 22.Nb3 Bb4
23.c3 Bd6 24.Nd3 Qd8 25.Bf1 Rh4 26.g5 f5 27.Ne5 Nxe5 28.dxe5 Bc7 29.Nd4 Qxg5
30.Bc4 c5 31.Nb5 Qe7 32.Nxc7 Qxc7 33.Bxf7 Qxf7 34.e6 Qe7 35.Qg3+ f4 36.Qxg6 Rh8
37.Qf5 Rf8 38.Qe5+ Ka8 39.Kc1 a6 40.Rd1 Qxe6 41.Qxc5 Re8  0-1

[Event "ITA-ch44"]
[Site "Arcidosso"]
[Date "1985.??.??"]
[Round "3"]
[White "Gervasi, Giancarlo"]
[Black "Bellia, Fabrizio"]
[Result "1/2-1/2"]
[WhiteElo "2245"]
[BlackElo "2175"]

1.d4 Nf6 2.Bg5 c5 3.Bxf6 gxf6 4.d5 Qb6 5.Qc1 f5 6.e3 Bg7 7.c3 e6 8.Nh3 e5
9.a4 O-O 10.Na3 Qg6 11.f4 d6 12.g3 Nd7 13.Nc4 b6 14.Qd1 Bh6 15.Bg2 Ba6 16.b3 Rad8
17.O-O e4 18.Nf2 Nf6 19.Ra2 Bb7 20.Rd2 Bg7 21.Na3 h5 22.c4 Ng4 23.Qe2 Kh8
24.Bh3 Bc8 25.Bxg4 fxg4 26.Nd1 Bf5 27.Kf2 Bf6 28.Ke1 Kg7 29.Ra2 a5 30.Kd2 Rh8
31.Nb5 h4 32.Rg1 Rh6 33.Kc1 Be7 34.Nbc3 Rdh8 35.Qf2 hxg3 36.hxg3 Rh3 37.Ne2 R8h5
38.Qf1 Qh7 39.Nf2 Rh2 40.Nc3 Kg8 41.Rc2  1/2-1/2

[Event "ITA-ch44"]
[Site "Arcidosso"]
[Date "1985.??.??"]
[Round "10"]
[White "Bruno, Fabio"]
[Black "Bellia, Fabrizio"]
[Result "1-0"]
[WhiteElo "2310"]
[BlackElo "2175"]

1.d4 Nf6 2.Bg5 c5 3.d5 Ne4 4.Bf4 Qb6 5.Nc3 Nxc3 6.bxc3 d6 7.e4 Nd7 8.Bd2 g6
9.Rb1 Qc7 10.c4 Bg7 11.Bd3 O-O 12.f4 e6 13.dxe6 fxe6 14.Ne2 e5 15.O-O Nf6
16.fxe5 dxe5 17.Nc3 Be6 18.Qe2 b6 19.Nd5 Bxd5 20.cxd5 Ne8 21.Rxf8+ Kxf8 22.Qg4 Kg8
23.Qe6+ Qf7 24.Qc6 Rd8 25.Rf1 Qe7 26.h4 Bf6 27.Bh6 Nd6 28.g3 Rc8 29.Qa4 Bg7
30.Bg5 Qc7 31.c4 h6 32.Bd2 Rf8 33.Qd1 Rxf1+ 34.Qxf1 Qf7 35.Qg2 h5 36.Bg5 Kh7
37.g4 Bh6 38.Bd8 Be3+ 39.Kh1 Qf2 40.gxh5 Qxh4+ 41.Bxh4  1-0

[Event "ITA-ch44"]
[Site "Arcidosso"]
[Date "1985.??.??"]
[Round "12"]
[White "Martorelli, Antonio"]
[Black "Bellia, Fabrizio"]
[Result "1-0"]
[WhiteElo "2305"]
[BlackElo "2175"]

1.d4 Nf6 2.Bg5 c5 3.Bxf6 gxf6 4.e3 cxd4 5.exd4 Qb6 6.Nc3 e6 7.Nge2 d5 8.g3 Nc6
9.Bg2 Bd7 10.O-O O-O-O 11.Na4 Qb5 12.b3 Na5 13.c4 dxc4 14.Nec3 Qb4 15.Qh5 Nc6
16.d5 Ne5 17.f4 Nd3 18.Qxf7 Bc5+ 19.Kh1 Rdf8 20.Qh5 Bd4 21.dxe6 Bxe6 22.a3 Qxb3
23.Rab1 Qc2 24.Bxb7+ Kd7 25.Ne2 Nf2+ 26.Kg1 Be3 27.Nc5+ Ke7 28.Nxe6 Ng4+
29.Kh1 Qxe2 30.Bf3 Nf2+ 31.Rxf2 Qxf2 32.Rb7+ Kxe6 33.Qd5+  1-0

[Event "Baden-Baden"]
[Site "Baden-Baden"]
[Date "1985.??.??"]
[Round "12"]
[White "Ermenkov, Evgenij"]
[Black "Bastian, Herbert"]
[Result "0-1"]
[WhiteElo "2520"]
[BlackElo "2375"]

1.d4 Nf6 2.Bg5 d5 3.Nd2 Nbd7 4.e3 e6 5.Bd3 h6 6.Bh4 Be7 7.c3 e5 8.Ne2 O-O
9.O-O Re8 10.Rc1 c6 11.Bb1 exd4 12.cxd4 Nf8 13.Nc3 Ng6 14.Bg3 Bd6 15.Bxg6 fxg6
16.Qb3 Kh8 17.Bxd6 Qxd6 18.Nf3 Re7 19.h3 Bf5 20.Ne5 g5 21.f4 g4 22.hxg4 Nxg4
23.Rce1 Qf6 24.e4 Rxe5 25.Nxd5 Rxd5 26.exd5 Qxd4+ 27.Kh1 cxd5 28.Qxb7 Rg8
29.b4 Qf6 30.Qe7 Be4 31.Qxf6 gxf6 32.f5 Ne5  0-1

[Event "Capablanca mem-A"]
[Site "Cienfuegos"]
[Date "1985.??.??"]
[Round "6"]
[White "Palatnik, Semon"]
[Black "Vilela, Jose Luis"]
[Result "1/2-1/2"]
[WhiteElo "2455"]
[BlackElo "2415"]

1.d4 Nf6 2.Bg5 c5 3.d5 Ne4 4.Bf4 Qb6 5.Bc1 e6 6.f3 Nf6 7.c4 exd5 8.cxd5 c4
9.Nc3 Bc5 10.Nh3 d6 11.Qa4+ Bd7 12.Qxc4 Bxh3 13.gxh3 Bf2+ 14.Kd1 O-O 15.Qb5 Qd4+
16.Kc2 Nbd7 17.e4 Rfc8 18.Be2 a6 19.Qd3 Qe5 20.Kb1 Nc5 21.Qd1 b5 22.Rf1 Qxh2
23.a3 Rab8 24.b4 Nb3 25.Rxf2 Qxf2 26.Qxb3 Qe1 27.Kb2 Rxc3 28.Qxc3 Qxe2+ 29.Kb3 Nd7
30.Bb2 Ne5 31.f4 Qxe4 32.fxe5 Qxd5+ 33.Kc2 Qe6 34.Qd3 Rc8+ 35.Bc3 dxe5 36.Kb2 f6
37.Rd1 Qc6 38.Qd5+ Qxd5 39.Rxd5 Rc6 40.Rd7 h6 41.Bd2 Kh7 42.Be3 Re6 43.Bc5 Kg8
44.h4 g5 45.hxg5 hxg5 46.Kc2 f5 47.Re7 Rxe7 48.Bxe7 Kf7 49.Bxg5 Ke6 50.Bd8 Kd5
51.Kd3 Kd6 52.Bf6 Ke6 53.Bg7 Kd5 54.Ke3 Ke6 55.Kf3 Kd5 56.Kg3 a5 57.bxa5 Kc6
58.Bxe5 Kb7 59.Kf4 Ka6 60.Bc3 Kb7 61.Kxf5 Ka8 62.Ke6 Kb7 63.Kd7 Ka8 64.Kc6 Ka7
65.Bd4+ Ka8 66.Kb6 Kb8 67.Ka6 Ka8 68.Ba7 b4 69.axb4  1/2-1/2

[Event "Bundesliga 8485"]
[Site "Germany"]
[Date "1985.??.??"]
[Round "?"]
[White "Miltner, Arndt"]
[Black "Muse, Mladen"]
[Result "1/2-1/2"]
[WhiteElo "2280"]
[BlackElo "2240"]

1.d4 Nf6 2.Bg5 d5 3.Bxf6 exf6 4.e3 Bd6 5.c4 dxc4 6.Bxc4 O-O 7.Nc3 Nd7 8.Qf3 c6
9.Nge2 Re8 10.O-O Nf8 11.Rad1 Be6 12.d5 cxd5 13.Bxd5 Qe7 14.Nd4 Rab8 15.Ncb5 Be5
16.Rd2 a6 17.Nc3 Red8 18.Rfd1 Rd7 19.Bxe6 fxe6 20.Qe4 Rbd8 21.f4  1/2-1/2

[Event "Hastings8586"]
[Site "Hastings"]
[Date "1985.??.??"]
[Round "12"]
[White "Bellon Lopez, Juan Manuel"]
[Black "Mikhalchishin, Adrian"]
[Result "0-1"]
[WhiteElo "2445"]
[BlackElo "2505"]

1.d4 Nf6 2.Bg5 d5 3.Bxf6 exf6 4.e3 Bd6 5.Bd3 O-O 6.Qf3 Be6 7.Ne2 c5 8.c3 Nc6
9.Nd2 Qd7 10.h3 c4 11.Bc2 b5 12.e4 Ne7 13.Nf4 Bxf4 14.Qxf4 f5 15.exd5 Nxd5
16.Qf3 f6 17.O-O g5 18.g3 Rae8 19.Rfe1 Ne7 20.Re3 Bd5 21.Qe2 Ng6 22.Nf1 f4
23.Rxe8 Rxe8 24.Qh5 Be4 25.Bxe4 Rxe4 26.Qf3 Re7 27.b3 Qxh3 28.bxc4 bxc4 29.Rb1 Qd7
30.Nd2 g4 31.Qa8+ Kg7 32.Nf1 Kh6 33.Qh1+ Kg7 34.Qh5 Qe6 35.Rd1 Qe2 36.Rd2 Qf3
37.Qh1 Qxc3 38.Rd1 Qc2 39.Rd2 Qc1 40.Kh2 c3 41.Rd3 Qc2  0-1

[Event "Kecskemet op"]
[Site "Kecskemet "]
[Date "1985.??.??"]
[Round "2"]
[White "Arkhipov, Sergey"]
[Black "Perenyi, Bela"]
[Result "1-0"]
[WhiteElo "2545"]
[BlackElo "2335"]

1.d4 Nf6 2.Bg5 d5 3.Nd2 Nbd7 4.e3 h6 5.Bh4 e5 6.Ngf3 e4 7.Ne5 Bd6 8.Nxd7 Bxd7
9.Be2 c6 10.c4 O-O 11.Bg3 Bxg3 12.hxg3 Be6 13.c5 Qd7 14.b4 Bg4 15.f3 exf3
16.gxf3 Bf5 17.g4 Bh7 18.Kf2 Rae8 19.Qb3 Re7 20.Rag1 Bg6 21.Nf1 b6 22.g5 hxg5
23.Rxg5 bxc5 24.bxc5 Qb7 25.Rg2 Rb8 26.Rgh2 Kf8 27.Nd2 Qxb3 28.axb3 Rbe8
29.Rh8+ Ng8 30.Nf1 a5 31.Bd1 Bd3 32.Ng3 g6 33.Re1 f5 34.Rhh1 Kg7 35.Ne2 Rxe3
36.Nf4 Rxe1 37.Rxe1 Rxe1 38.Kxe1 Bb5 39.Ne6+ Kf6 40.Nd8 Ne7 41.Nb7 g5 42.Nxa5 Kg6
43.Nb7 Kh5 44.Nd6 Kh4 45.Kf2 Bd3 46.Nf7 g4 47.Ne5 g3+ 48.Kg2 Bb1 49.b4 f4
50.Ba4 Nf5 51.Bxc6 Nxd4 52.Bd7 Bc2 53.b5 Ba4 54.b6 Bxd7 55.Nxd7 Nc6 56.b7 d4
57.Ne5  1-0

[Event "Kecskemet op"]
[Site "Kecskemet "]
[Date "1985.??.??"]
[Round "4"]
[White "Arkhipov, Sergey"]
[Black "Cserna, Laszlo"]
[Result "1/2-1/2"]
[WhiteElo "2545"]
[BlackElo "2400"]

1.d4 Nf6 2.Bg5 c5 3.Nc3 d5 4.e3 cxd4 5.exd4 Bg4 6.Be2 Bxe2 7.Qxe2 e6 8.Bxf6 gxf6
9.O-O-O Nc6 10.Qh5 Qc7 11.Nge2 O-O-O 12.Kb1 Kb8 13.Rc1 Na5 14.b3 Bb4 15.Qf3 Rc8
16.Kb2 f5 17.Nb1 Rhg8 18.g3 Be7 19.Qf4 Qxf4 20.Nxf4 Bg5 21.Rcg1 Bxf4 22.gxf4 Nc6
23.c3 Rg4 24.Rxg4 fxg4 25.Nd2 Ne7 26.f3 Rg8 27.Rg1 h5 28.fxg4 Rxg4 29.Rxg4 hxg4
30.Nf1 Nf5 31.Kc2 Nh4 32.Ne3 f5 33.Kd1 Kc7 34.Ke2 Nf3 35.Nf1 b5 36.Nd2 Nh4
37.Kf2 Kc6 38.b4 Ng6 39.Ke3 Kd6 40.Nb3 Nf8 41.Nc1 Nd7 42.Nd3 Nf6 43.Ne5 Ne4
44.Kd3 Nf2+ 45.Ke2 Ne4 46.Kd3  1/2-1/2

[Event "URS-ch sf"]
[Site "Kostroma"]
[Date "1985.??.??"]
[Round "13"]
[White "Zaichik, Gennadi"]
[Black "Malisauskas, Vidmantas"]
[Result "1-0"]
[WhiteElo "2475"]
[BlackElo "2200"]

1.d4 Nf6 2.Bg5 c5 3.Bxf6 gxf6 4.d5 Qb6 5.Qc1 Bh6 6.e3 d6 7.c4 Nd7 8.Nc3 f5
9.Qd2 Nf6 10.Nge2 Bd7 11.g3 Bg7 12.Rc1 h5 13.h4 Ne4 14.Qc2 O-O-O 15.Bg2 Nxc3
16.Nxc3 Qb4 17.b3 Bf6 18.O-O Rdg8 19.Ne2 Qa5 20.Rfd1 Kb8 21.Nf4 Qc7 22.Qd2 Bc8
23.Kf1 Be5 24.Bf3 Rg4 25.a3 Bd7 26.b4 Bxf4 27.exf4 Rgg8 28.Qe2 Re8 29.Bxh5 e5
30.Bxf7 Ref8 31.fxe5 Rxf7 32.e6 Re7 33.Qb2 Rg8 34.exd7 Rxd7 35.bxc5 Qxc5
36.Qb4 Qc8 37.c5 Rc7 38.Qf4  1-0

[Event "SVK-ch"]
[Site "Piestany"]
[Date "1985.??.??"]
[Round "6"]
[White "Biro, Karol"]
[Black "Sukuba, Zdenek"]
[Result "1/2-1/2"]
[WhiteElo "2200"]
[BlackElo "2200"]

1.d4 Nf6 2.Bg5 d5 3.Nd2 c6 4.e3 Bf5 5.c4 e6 6.Qb3 Qb6 7.c5 Qxb3 8.axb3 Nbd7
9.b4 a6 10.b5 cxb5 11.Bxb5 Rd8 12.Ba4 Be7 13.Ngf3 O-O 14.O-O Nb8 15.Ne5 h6
16.Bh4 g5 17.Bg3 Nh5 18.Rfc1 Nxg3 19.hxg3 f6 20.Nef3 Rc8 21.b4 Bd3 22.Ne1 Be2
23.Rcb1 e5 24.Bb3 Rfd8 25.dxe5 Nc6 26.Ba2 Kg7 27.e4 dxe4 28.Nxe4 Nxe5 29.Be6 Rc6
30.Bf5 Bg4 31.Bxg4 Nxg4 32.Rd1 Rcc8 33.Nf3 f5 34.Ned2 Bf6 35.Rac1 Bd4 36.Nxd4 Rxd4
37.Nc4 Rxd1+ 38.Rxd1 Rc7 39.Rd5 Re7 40.Rd1 Kf6 41.f3 Ne5 42.Nb6 Kf7 43.Nc8 Rc7
44.Nd6+ Ke6 45.Re1 f4 46.gxf4 gxf4 47.Nc4 Kd5 48.Nb6+ Ke6 49.g3 Rg7 50.g4 Rg5
51.Kf2 Kf7 52.Re4 Kg6 53.Rd4 h5 54.Nd7 hxg4 55.Nxe5+ Rxe5 56.fxg4 Kg5 57.Rd7 Kxg4
58.Rxb7 a5 59.Rg7+ Kf5 60.bxa5 Rxc5  1/2-1/2

[Event "Nordic-chT"]
[Site "Pohja"]
[Date "1985.??.??"]
[Round "?"]
[White "Nykopp, Jan Michael F"]
[Black "Fedder, Steen"]
[Result "1-0"]
[WhiteElo "2250"]
[BlackElo "2410"]

1.d4 Nf6 2.Bg5 g6 3.Nd2 Bg7 4.e3 d6 5.Bd3 O-O 6.c3 Nbd7 7.Ne2 e5 8.O-O Qe8
9.Qc2 d5 10.e4 dxe4 11.Nxe4 Nxe4 12.Bxe4 Nb6 13.dxe5 Qxe5 14.Bf4 Qe7 15.Rfe1 Re8
16.Ng3 Bf5 17.Bxf5 Qxe1+ 18.Rxe1 Rxe1+ 19.Nf1 gxf5 20.g3 Rd8 21.Kg2 Nd5 22.Qxf5 Re2
23.Bh6 Rd6  1-0

[Event "Prague zt"]
[Site "Prague"]
[Date "1985.??.??"]
[Round "4"]
[White "Ermenkov, Evgenij"]
[Black "Schmidt, Wlodzimierz"]
[Result "1-0"]
[WhiteElo "2515"]
[BlackElo "2475"]

1.d4 Nf6 2.Bg5 d5 3.Nd2 c5 4.dxc5 Qa5 5.Bxf6 gxf6 6.g3 e6 7.c3 Qxc5 8.Bg2 Nc6
9.Nh3 Bd7 10.O-O f5 11.Nf4 h5 12.Rc1 b5 13.b3 h4 14.c4 dxc4 15.bxc4 hxg3
16.hxg3 Rc8 17.Nd5 Be7 18.Nb3 Qa3 19.cxb5 exd5 20.bxc6 Rxc6 21.Qxd5 Rxc1
22.Rxc1 Qd6 23.Nc5 Bb5 24.Qa8+ Bd8 25.Nb7 Qd2 26.Qxd8+ Qxd8 27.Nxd8 Kxd8
28.Rb1  1-0

[Event "Sochi"]
[Site "Sochi"]
[Date "1985.??.??"]
[Round "?"]
[White "Arkhipov, Sergey"]
[Black "Foisor, Ovidiu"]
[Result "1-0"]
[WhiteElo "2550"]
[BlackElo "2430"]

1.d4 Nf6 2.Bg5 d5 3.Nd2 Bf5 4.Ngf3 Nbd7 5.e3 e6 6.Be2 Be7 7.O-O O-O 8.c4 dxc4
9.Nxc4 c5 10.Rc1 Rc8 11.Bf4 Nb6 12.Qb3 Nxc4 13.Bxc4 Qb6 14.Qxb6 axb6 15.Be5 Be4
16.Nd2 Bc6 17.Nb3 Nd7 18.Bg3 Ra8 19.a3 Ba4 20.Nd2 cxd4 21.exd4 Bc6 22.Rfd1 Nf6
23.Be2 b5 24.Bf3 Bxf3 25.Nxf3 Nd5 26.Ne5 Rfc8 27.Kf1 f6 28.Nd3 b6 29.Nf4 Nxf4
30.Bxf4 Bd8 31.d5 Rxc1 32.Bxc1 Kf7 33.Be3 Rc8 34.Rd4 exd5 35.Rxd5 b4 36.axb4 Ke6
37.Rd3 Ra8 38.Ke2 h5 39.b5 g5 40.h3 Bc7 41.Rc3 Be5 42.Ra3 Rc8 43.Kd3 Bxb2
44.Ra6 Be5 45.Rxb6+ Kd5 46.Ra6 Rc3+ 47.Ke2 Rb3 48.b6 Rb4 49.Ra2 g4 50.h4 Ke4
51.Bc5 Rb5 52.Be3 Rb4 53.g3 f5 54.Bc5 Rb5 55.Ra4+ Kd5 56.Be3 Rb1 57.Ra7 Ke4
58.Re7 Rb2+ 59.Kf1 Kf3 60.Rxe5 f4 61.Bd4  1-0

[Event "Sochi"]
[Site "Sochi"]
[Date "1985.??.??"]
[Round "?"]
[White "Tseitlin, Mikhail S"]
[Black "Gulko, Boris F"]
[Result "0-1"]
[WhiteElo "2445"]
[BlackElo "2475"]

1.d4 Nf6 2.Bg5 d5 3.Bxf6 exf6 4.e3 Bd6 5.Nd2 O-O 6.Ne2 c6 7.c4 dxc4 8.Nxc4 Bc7
9.Nc3 Be6 10.Qc2 Nd7 11.Bd3 f5 12.g3 Qf6 13.h4 Nb6 14.Nxb6 axb6 15.a3 h6
16.Qe2 b5 17.d5 Bd7 18.Rc1 Rfe8 19.Qf3 c5 20.Kf1 c4 21.Bb1 Bd6 22.Kg2 b4
23.axb4 Bxb4 24.g4 Re5 25.Ne2 Rc8 26.gxf5 Bxf5 27.e4 Qg6+ 28.Ng3 Bd7 29.Qe2 Rce8
30.Qxc4 Bd2 31.Rcd1 Bf4 32.Bd3 Bg4 33.Rdf1 h5 34.b4 Qf6 35.Be2 Bxe2 36.Qxe2 Qg6
37.Re1 Bxg3 38.fxg3 Rxe4 39.Qd2 Qd6 40.Rxe4 Rxe4 41.Rc1 Qe5 42.Rc8+ Kh7 43.Qc2 g6
44.Qc7  0-1

[Event "Sochi"]
[Site "Sochi"]
[Date "1985.??.??"]
[Round "?"]
[White "Arkhipov, Sergey"]
[Black "Horvath, Jozsef"]
[Result "1-0"]
[WhiteElo "2550"]
[BlackElo "2520"]

1.d4 Nf6 2.Bg5 c5 3.Nc3 Qa5 4.Bxf6 gxf6 5.d5 f5 6.e3 Bg7 7.Qd2 Na6 8.Nf3 Nc7
9.d6 exd6 10.Bd3 b5 11.Bxf5 d5 12.O-O Bb7 13.Nxd5 Qxd2 14.Nxc7+ Kd8 15.Nxd2 Kxc7
16.Rfd1 d5 17.c3 Bc6 18.e4 Rad8 19.Nb3 Kb6 20.exd5 Bxd5 21.Nd2 a5 22.Nf1 a4
23.Ne3 Bc6 24.a3 h5 25.h4 Bf6 26.g3 Bf3 27.Rxd8 Rxd8 28.Bc2 Rd2 29.Rc1 Kb7
30.Kf1 Be5 31.Rb1 Kc7 32.Bd1 Be4 33.Ke1 Rxf2 34.Kxf2 Bxb1 35.Bxh5 Ba2 36.Be2 b4
37.Bc4 Bxc4 38.Nxc4 bxc3 39.bxc3 Bxc3 40.g4 Kc6 41.Ke3 Kd5 42.Nb6+ Ke5 43.Nxa4 Be1
44.h5 Ba5 45.h6 Kf6 46.Nxc5 Ke7 47.g5  1-0

[Event "Tirnavia"]
[Site "Trnava"]
[Date "1985.??.??"]
[Round "10"]
[White "Meduna, Eduard"]
[Black "Kallai, Gabor"]
[Result "1/2-1/2"]
[WhiteElo "2460"]
[BlackElo "2445"]

1.d4 d5 2.Bg5 Nf6 3.Bxf6 gxf6 4.e3 c5 5.c3 cxd4 6.cxd4 Qb6 7.Nc3 e6 8.a3 Bd7
9.b4 Bd6 10.Bd3 Nc6 11.Nge2 Ne7 12.O-O f5 13.g3 h5 14.h4 Ng6 15.f4 Ne7 16.Kg2 Ng8
17.Ng1 Rc8 18.Rc1 Nf6 19.Nf3 a5 20.bxa5 Qb2+ 21.Rf2 Qxa3 22.Ra2 Ng4 23.Qd2 Qb4
24.Be2 Ke7 25.Ne5 Nf6 26.Nxd7 Ne4 27.Nxe4 Qxd2 28.Rxd2 Rxc1 29.Nxd6 Kxd6
30.Nc5 Rb1 31.Ra2 Ra8 32.a6 bxa6 33.Bxh5 Ke7 34.Nxa6 Rb6 35.Be2 Kf6 36.Kf3 Ke7
37.Kf2 Ra7 38.Kf1 Rb3 39.Kf2 Rb6 40.Kg2 Rb3 41.Kf2 Rb6  1/2-1/2

[Event "SWE-ch"]
[Site "Uppsala"]
[Date "1985.??.??"]
[Round "?"]
[White "Johansson, Jan"]
[Black "Akesson, Ralf"]
[Result "0-1"]
[WhiteElo "2275"]
[BlackElo "2425"]

1.d4 Nf6 2.Bg5 g6 3.Nc3 d5 4.Nf3 Bg7 5.e3 O-O 6.Ne5 c6 7.Bd3 Nbd7 8.f4 Nxe5
9.fxe5 Ne8 10.O-O f6 11.Bf4 fxe5 12.Bxe5 Rxf1+ 13.Qxf1 Qb6 14.Qf3 Qxb2 15.Rf1 Nf6
16.Nd1 Qxa2 17.Nf2 Be6 18.Nh3 Rf8 19.Nf4 Nh5 20.Qe2 Bxe5 21.Nxe6 Rxf1+ 22.Qxf1 Bf6
23.g4 Ng7 24.Nd8 Qa5 25.Nxb7 Qd2 26.Qe2 Qc1+ 27.Kg2 Bg5 28.e4 Ne6 29.Qf1 Nf4+
30.Kg1 Nxd3 31.cxd3 Be3+ 32.Kg2 Qb2+ 33.Kf3 Bxd4 34.Nd8 Bb6  0-1